MARC details
| 000 -CABECERA |
| campo de control de longitud fija |
03661nam a2200385 a 4500 |
| 001 - NÚMERO DE CONTROL |
| campo de control |
Z_4552 |
| 003 - IDENTIFICADOR DEL NÚMERO DE CONTROL |
| campo de control |
CHAP |
| 005 - FECHA Y HORA DE LA ÚLTIMA TRANSACCIÓN |
| campo de control |
20250707100317.0 |
| 007 - CAMPO FIJO DE DESCRIPCIÓN FÍSICA--INFORMACIÓN GENERAL |
| campo de control de longitud fija |
ta |
| 008 - DATOS DE LONGITUD FIJA--INFORMACIÓN GENERAL |
| campo de control de longitud fija |
220113t1980 -usad fr 001 0 eng d |
| 010 ## - NÚMERO DE CONTROL DE LA BIBLIOTECA DEL CONGRESO |
| Número de control de LC |
167627 |
| 020 ## - NÚMERO INTERNACIONAL ESTÁNDAR DEL LIBRO |
| Número Internacional Estándar del Libro |
0-8121-0697-0 |
| 040 ## - FUENTE DE LA CATALOGACIÓN |
| Centro catalogador/agencia de origen |
Z |
| Centro/agencia transcriptor |
CHAP |
| 041 0# - CÓDIGO DE LENGUA |
| Código de lengua del sumario o resumen |
Inglés |
| Código de lengua de la tabla de contenido |
Inglés |
| 082 ## - NÚMERO DE LA CLASIFICACIÓN DECIMAL DEWEY |
| Número de clasificación |
636.0824 |
| Número de documento/Ítem |
R47 1980 |
| Número de edición |
20 |
| 245 ## - MENCIÓN DE TÍTULO |
| Título |
Reproduction in farm animals / |
| Mención de responsabilidad, etc. |
editor E. S. E. Hafez |
| 250 ## - MENCIÓN DE EDICIÓN |
| Mención de edición |
Cuarta edición |
| 264 #1 - PRODUCCIÓN, PUBLICACIÓN, DISTRIBUCIÓN, FABRICACIÓN Y COPYRIGHT |
| Producción, publicación, distribución, fabricación y copyright |
Filadelfia : |
| Nombre del de productor, editor, distribuidor, fabricante |
Lea and Febiger, |
| Fecha de producción, publicación, distribución, fabricación o copyright |
©1980 |
| 300 ## - DESCRIPCIÓN FÍSICA |
| Extensión |
xi, 627 páginas : |
| Otras características físicas |
ilustracines, gráfica, tablas |
| 336 ## - TIPO DE CONTENIDO |
| Fuente |
rdacontent |
| Término de tipo de contenido |
texto |
| Código de tipo de contenido |
txt |
| 337 ## - TIPO DE MEDIO |
| Fuente |
rdamedia |
| Nombre/término del tipo de medio |
sin medio |
| Código del tipo de medio |
n |
| 338 ## - TIPO DE SOPORTE |
| Fuente |
rdacarrier |
| Nombre/término del tipo de soporte |
volumen |
| Código del tipo de soporte |
nc |
| 500 ## - NOTA GENERAL |
| Nota general |
ej.1: 118284 |
| 504 ## - NOTA DE BIBLIOGRAFÍA, ETC. |
| Nota de bibliografía, etc. |
Incluye bibliografía |
| 505 0# - NOTA DE CONTENIDO CON FORMATO |
| Título |
1. Introduction to animal reproduction / |
| Mención de responsabilidad |
E. S. E. Hafez -- |
| Información miscelánea |
I. Funtional anatomy of reproduction |
| Título |
2. Functional anatomy of male reproduction / |
| Mención de responsabilidad |
R. R. Ashdow and J. L. Hancock -- |
| Título |
3. Functional Anatomy of famale reproduction / |
| Mención de responsabilidad |
E. S. E. Hafez -- |
| Título |
4. Functional histology of reproduction / |
| Mención de responsabilidad |
E. S. E. Hafez -- |
| Información miscelánea |
II. Phisiology of reproduction |
| Título |
5. Endocrinology of reproduction / |
| Mención de responsabilidad |
C. C. Kaltenbach and T. G. Dunn -- |
| Título |
6. Neuroendorcrinology of reproduction / |
| Mención de responsabilidad |
J. J. Reeves -- |
| Título |
7. Reproductive life cycle / |
| Mención de responsabilidad |
M. C. Levasseur and C. Thibault -- |
| Título |
8. Folliculogenesis, egg maturation and ovulation / |
| Mención de responsabilidad |
E. S. E. Hafez, M. C. Levasseur nd C. Thibault -- |
| Título |
9. Spermatozoa / |
| Mención de responsabilidad |
D. L. Garner and E. S. E. Hafez -- |
| Título |
10. Secretions of the male reproductive tract and seminal plasma / |
| Mención de responsabilidad |
I. G. Whit -- |
| Título |
11. Transport and survival of gametes / |
| Mención de responsabilidad |
E. S. E. Hafez -- |
| Título |
12. Fetilization, cleavege and implantation / |
| Mención de responsabilidad |
A. McLaren -- |
| Título |
13. Gestation prenatal phisiology and parturition / |
| Mención de responsabilidad |
M. R. Jainudeen and E. S. E. Hafez -- |
| Título |
14. Lactation / |
| Mención de responsabilidad |
A. T. Cowie and H. L. Buttle -- |
| Título |
15. Sexual, maternal and neonatal behavior / |
| Mención de responsabilidad |
G. Alexander, J. P. Signoret and E. S. E. Hafez -- |
| Información miscelánea |
III. Reproductive cycles |
| Título |
16. Beef and dairy cattle / |
| Mención de responsabilidad |
H. W. Hawk and R. A. Bellows -- |
| Título |
17. Sheep and goats / |
| Mención de responsabilidad |
C. V. Hulte and M. Shelton -- |
| Título |
18. Pigs / |
| Mención de responsabilidad |
L. L. Anderson -- |
| Título |
19. Horses / |
| Mención de responsabilidad |
E. S. E. Hafez -- |
| Título |
20. Laboratory animal / |
| Mención de responsabilidad |
E. S. E. Hafez -- |
| Título |
21. Poultry / |
| Mención de responsabilidad |
A. B. Gilbert -- |
| Información miscelánea |
IV. Reproductive failure |
| Título |
22. Reproductive failure in females / |
| Mención de responsabilidad |
M. R. Jainudeen and E. S. E. Hafez -- |
| Título |
23. Reproductive failure in males / |
| Mención de responsabilidad |
M. R. Jainudeen and E. S. E. Hafez -- |
| Título |
24. Intersexuality / |
| Mención de responsabilidad |
R. A. McFeely and L. R. Kressly -- |
| Título |
25. Reproductive infections / |
| Mención de responsabilidad |
J. W. Kendrick and J. A. Howarth -- |
| Información miscelánea |
V. Techiques for improving reproductive efficiency |
| Título |
26. Artificial insemination / |
| Mención de responsabilidad |
R. H. Foote -- |
| Título |
27. Induction and synchronization of ovulation / |
| Mención de responsabilidad |
J. H. Britt and J. F. Roche -- |
| Título |
28. Prengnacy diagnosis / |
| Mención de responsabilidad |
M. R. Jainudeen and E. S. E. Hafez -- |
| Título |
29. Embryo transfer / |
| Mención de responsabilidad |
T. Sugie, G. E. Seidel, Jr. and E. S. E. Hafez -- |
| Información miscelánea |
Appendices -- Index |
| 520 ## - SUMARIO, ETC. |
| Sumario, etc. |
The fourth edition is a complete revision of the third editiion in order to incluide recent progress in gamete ultrastucture and transport, cytogenetics and biochemistry of reproduction, and sexual behavior. ther have been numerous deletions from the third edtition, as well as integration of new references and moderns concepts. Several new chapters have been added dealing with functional histology of reproduction, seminal plasma, foliculogenesis, egg maturation , ovulation, and estrus syncronization. |
| 650 13 - PUNTO DE ACCESO ADICIONAL DE MATERIA--TÉRMINO DE MATERIA |
| Término de materia o nombre geográfico como elemento de entrada |
Reproducción de animales |
| 9 (RLIN) |
144201 |
| 650 13 - PUNTO DE ACCESO ADICIONAL DE MATERIA--TÉRMINO DE MATERIA |
| Término de materia o nombre geográfico como elemento de entrada |
Reproducción sexual |
| Subdivisión general |
Animales |
| 9 (RLIN) |
138286 |
| 650 13 - PUNTO DE ACCESO ADICIONAL DE MATERIA--TÉRMINO DE MATERIA |
| Término de materia o nombre geográfico como elemento de entrada |
Inseminación artificial |
| 9 (RLIN) |
58964 |
| 700 1# - PUNTO DE ACCESO ADICIONAL--NOMBRE DE PERSONA |
| Nombre de persona |
Hafez, E. S. E. |
| 9 (RLIN) |
52206 |
| Término indicativo de función/relación |
editor |
| 942 ## - ELEMENTOS DE PUNTO DE ACCESO ADICIONAL (KOHA) |
| Fuente del sistema de clasificación o colocación |
Dewey Decimal Classification |
| Tipo de ítem Koha |
Libro |
| 901 ## - ELEMENTOS DE DATOS A LOCAL LDA (RLIN) |
| a |
636.0824 R47 1980 |
| 902 ## - ELEMENTOS DE DATOS B LOCAL, LDB (RLIN) |
| a |
A |
| 910 ## - DATOS DE OPCIÓN DEL USUARIO (OCLC) |
| Datos de opción del usuario |
1980 |